A. WESLEY POWELL LEARNING RESOURCE CENTRE (WPLRC)

Wonderful Place to Learn, Research & Collaborate

Mastering Shakespeare / (Record no. 5483)

MARC details
000 -LEADER
fixed length control field 00821nam a2200265 a 4500
001 - ACCESSION NUMBER
control field 013471832
003 - CONTROL NUMBER IDENTIFIER
control field UkOxU
005 - DATE AND TIME OF LATEST TRANSACTION
control field 20160302105403.0
008 - FIXED-LENGTH DATA ELEMENTS--GENERAL INFORMATION
fixed length control field 980415s1998 enk 001 0 eng d
020 ## - INTERNATIONAL STANDARD BOOK NUMBER
International Standard Book Number 0333698738
035 ## - SYSTEM CONTROL NUMBER
System control number BNB2488.665
040 ## - CATALOGING SOURCE
Original cataloging agency OX/U-1
Transcribing agency DLC
082 ## - DEWEY DECIMAL CLASSIFICATION NUMBER
Classification number R/822 GIL
100 1# - MAIN ENTRY--PERSONAL NAME
Personal name Gill, Richard,
Dates associated with a name 1945-
245 10 - TITLE STATEMENT
Title Mastering Shakespeare /
Statement of responsibility, etc. Richard Gill ; illustrations by Stephen Cranham.
246 30 - VARYING FORM OF TITLE
Title proper/short title Shakespeare
260 ## - PUBLICATION, DISTRIBUTION, ETC. (IMPRINT)
Place of publication, distribution, etc. Basingstoke :
Name of publisher, distributor, etc. Macmillan,
Date of publication, distribution, etc. 1998.
300 ## - PHYSICAL DESCRIPTION
Extent xviii, 398 p. ;
Dimensions 24 cm.
504 ## - BIBLIOGRAPHY, ETC. NOTE
Bibliography, etc Includes bibliographical references and index.
600 10 - SUBJECT ADDED ENTRY--PERSONAL NAME
Personal name Shakespeare, William,
Dates associated with a name 1564-1616
General subdivision Criticism and interpretation.
830 #0 - SERIES ADDED ENTRY--UNIFORM TITLE
Uniform title Macmillan master series
942 ## - ADDED ENTRY ELEMENTS (KOHA)
Source of classification or shelving scheme Dewey Decimal Classification
Koha item type Books
Holdings
Withdrawn status Lost status Source of classification or shelving scheme Damaged status Not for loan Home library Current library Date acquired Total Checkouts Full call number Barcode Date last seen Price effective from Koha item type
    Dewey Decimal Classification     Wesley Powell Learning Resource Centre Wesley Powell Learning Resource Centre 03/02/2016   R/822 GIL 46140 03/02/2016 03/02/2016 Books